READING AMERICA CULTURAL CONTEXTS FOR CRITICAL THINKING AND WRITING / (Record no. 616936)

000 -LEADER
fixed length control field 00388nam a22001337a 4500
020 ## - INTERNATIONAL STANDARD BOOK NUMBER
Qualifying information PB.
040 ## - CATALOGING SOURCE
Transcribing agency FIZZA ISHAQ
082 ## - DEWEY DECIMAL CLASSIFICATION NUMBER
Classification number 808.042
Author Mark GAR
100 ## - MAIN ENTRY--PERSONAL NAME
Personal name COLOMBO,GARY.
9 (RLIN) 134016
245 ## - TITLE STATEMENT
Title READING AMERICA CULTURAL CONTEXTS FOR CRITICAL THINKING AND WRITING /
Statement of responsibility, etc. GARY COLOMBO.
260 ## - PUBLICATION, DISTRIBUTION, ETC.
Place of publication, distribution, etc. NEW YORK ;
Name of publisher, distributor, etc. BEDFORD ST.MARTIN'S
Date of publication, distribution, etc. 1989.
300 ## - PHYSICAL DESCRIPTION
Extent 668 P. ;
Dimensions 9.3X6.1IN
942 ## - ADDED ENTRY ELEMENTS (KOHA)
Source of classification or shelving scheme
Koha item type Book
Holdings
Withdrawn status Lost status Source of classification or shelving scheme Damaged status Not for loan Permanent Location Current Location Shelving location Date acquired Total Checkouts Full call number Barcode Date last seen Price effective from Koha item type
          NUST Baluchistan Campus (NBC) NUST Baluchistan Campus (NBC) Text Books 04/09/2026   808.042 GAR QD-439 04/09/2026 04/09/2026 Book
© 2023 Central Library, National University of Sciences and Technology. All Rights Reserved.